000 00709nam a2200217 i 4500
001 107178
003 ES-MaACL
005 20231114062536.0
007 t|
008 061121s1961 sp r ||||1| spa d
100 1 _aMorin, Edgar.
_983564
245 1 3 _aEl cine o el hombre imaginario
_b: ensayo de antropología /
_cEdgar Morin ; traducción de Ramón Gil Novales.
260 _aBarcelona :
_bSeix Barral,
_c1961.
300 _a322 p. ;
_c18 cm.
490 1 _aBiblioteca breve ;
_v161
650 _aCine-
_xAspectos psicológicos.
_9171059
700 1 _aGil Novales, Ramón.
_956852
830 1 _aBiblioteca breve (Seix Barral)
_v161
_9227188
852 _aES-MaACL
_jC-20299
999 _c107178
_d107178